FNaF chronologia - Statystyki

Ogólne statystyki
  • Ten quiz został rozwiązany 125 razy
  • Średni wynik to 4 z 11
Statystyki odpowiedzi
Hint Odpowiedź % Poprawnych
1979 Secret Of Mimic
77%
1987 FNaF 2
66%
1992-94 FNaF 1
62%
2013-23 FNaF 3
49%
2038 Security Breach
45%
1983-4 FNaF 4
43%
2042-49 Ruin
34%
1980-95 FNaF SL
23%
2024 Special Delivery
15%
2023 FNaF HW
13%
1990-2023 FFPS
4%
Nie znaleziono quizów pasujących do podanych kryteriów
Rozkład punktacji
Procent ludzi z każdym wynikiem
Percentyl według liczby udzielonych odpowiedzi
Twoja historia wyników
Nie rozwiązałeś tego quizu